[Event "Wroclaw Open"]
[Site "?"]
[Date "2017.08.16"]
[Round "4.3"]
[White "Kucza, Karol"]
[Black "Swicarz, Maciej"]
[Result "1/2-1/2"]
[BlackElo "2369"]
[WhiteElo "2320"]
[LiveChessVersion "1.4.6"]

1. Nf3 {[%clk 1:30:58]} c5 {[%clk 1:30:08]} 2. e4 {[%clk 1:30:11]} a6
{[%clk 1:29:45]} 3. c3 {[%clk 1:30:06]} e6 {[%clk 1:30:11]} 4. d4
{[%clk 1:29:54]} d5 {[%clk 1:30:38]} 5. exd5 {[%clk 1:27:39]} exd5
{[%clk 1:31:04]} 6. Bg5 {[%clk 1:25:03]} Qb6 {[%clk 1:27:44]} 7. Qb3
{[%clk 1:20:19]} Qxb3 {[%clk 1:18:14]} 8. axb3 {[%clk 1:20:42]} f6
{[%clk 1:11:39]} 9. Be3 {[%clk 1:18:36]} b6 {[%clk 1:12:03]} 10. c4
{[%clk 1:09:37]} Bb7 {[%clk 1:03:17]} 11. Nc3 {[%clk 1:09:49]} dxc4
{[%clk 1:00:38]} 12. Bxc4 {[%clk 1:10:02]} Nd7 {[%clk 0:57:21]} 13. O-O
{[%clk 0:54:13]} Ne7 {[%clk 0:47:46]} 14. dxc5 {[%clk 0:46:50]} b5
{[%clk 0:30:57]} 15. Be6 {[%clk 0:44:56]} Nc6 {[%clk 0:27:14]} 16. Rfe1
{[%clk 0:30:21]} Nb4 {[%clk 0:24:00]} 17. Rad1 {[%clk 0:24:33]} Rd8
{[%clk 0:24:00]} 18. Bf4 {[%clk 0:20:09]} Be7 {[%clk 0:24:25]} 19. Bc7
{[%clk 0:17:19]} Bxf3 {[%clk 0:24:53]} 20. gxf3 {[%clk 0:12:12]} Ne5
{[%clk 0:24:17]} 21. Rxd8+ {[%clk 0:12:18]} Bxd8 {[%clk 0:24:42]} 22. Bxe5
{[%clk 0:12:41]} fxe5 {[%clk 0:22:09]} 23. Rxe5 {[%clk 0:13:05]} Nd3
{[%clk 0:21:08]} 24. Rd5 {[%clk 0:11:17]} Nf4 {[%clk 0:17:23]} 25. Rd6
{[%clk 0:11:41]} b4 {[%clk 0:17:19]} 26. Ne4 {[%clk 0:09:21]} Bc7
{[%clk 0:16:09]} 27. Rxa6 {[%clk 0:09:28]} Ke7 {[%clk 0:16:36]} 28. Bc4
{[%clk 0:07:24]} Rd8 {[%clk 0:17:04]} 29. Ra1 {[%clk 0:07:07]} h6
{[%clk 0:13:43]} 30. Bf1 {[%clk 0:05:51]} Rd5 {[%clk 0:12:55]} 31. Ra7
{[%clk 0:05:47]} Kd8 {[%clk 0:12:46]} 32. Ra8+ {[%clk 0:05:52]} Ke7
{[%clk 0:13:04]} 33. Ra1 {[%clk 0:05:47]} Kd8 {[%clk 0:12:44]} 34. Re1
{[%clk 0:05:28]} Kc8 {[%clk 0:10:35]} 35. Bc4 {[%clk 0:04:53]} Re5
{[%clk 0:09:22]} 36. Rd1 {[%clk 0:04:17]} Nh3+ {[%clk 0:07:27]} 37. Kg2
{[%clk 0:04:25]} Nf4+ {[%clk 0:07:53]} 38. Kf1 {[%clk 0:03:59]} Rh5
{[%clk 0:07:27]} 39. Nd6+ {[%clk 0:01:44]} Kb8 {[%clk 0:07:30]} 40. Rd4
{[%clk 0:01:46]} Rxc5 {[%clk 0:07:07]} 41. Nb5 {[%clk 0:00:51]} Be5
{[%clk 0:07:02]} 42. Re4 {[%clk 0:00:50]} Kb7 {[%clk 0:04:28]} 43. Nd4
{[%clk 0:01:14]} Ra5 {[%clk 0:04:29]} 44. Ke1 {[%clk 0:00:53]} g5
{[%clk 0:01:12]} 45. Kd2 {[%clk 0:00:42]} Kb6 {[%clk 0:01:21]} 46. Nc2
{[%clk 0:00:47]} Bd6 {[%clk 0:00:56]} 47. Rd4 {[%clk 0:00:37]} Kc7
{[%clk 0:01:04]} 48. Bg8 {[%clk 0:00:39]} Ra2 {[%clk 0:01:28]} 49. Nxb4
{[%clk 0:00:42]} Bxb4+ {[%clk 0:01:02]} 50. Rxb4 {[%clk 0:01:11]} Rxb2+
{[%clk 0:01:25]} 51. Kc3 {[%clk 0:00:45]} Rxf2 {[%clk 0:01:52]} 52. Rc4+
{[%clk 0:00:45]} Kb6 {[%clk 0:01:59]} 53. Rb4+ {[%clk 0:00:45]} Kc5
{[%clk 0:02:15]} 54. Rc4+ {[%clk 0:01:09]} Kb6 {[%clk 0:02:25]} 55. Kd4
{[%clk 0:00:33]} Rxf3 {[%clk 0:01:39]} 56. Rc2 {[%clk 0:00:50]} Ng6
{[%clk 0:00:40]} 57. Rc6+ {[%clk 0:00:35]} Kxc6 58. Bd5+ Kd6 {[%clk 0:00:36]} 59.
Bxf3 {[%clk 0:01:33]} Ne5 {[%clk 0:00:53]} 60. Be2 {[%clk 0:01:50]} Nc6+
{[%clk 0:00:41]} 61. Ke4 {[%clk 0:02:19]} Ke6 {[%clk 0:00:44]} 62. Bg4+
{[%clk 0:01:23]} Kd6 {[%clk 0:01:13]} 63. Bc8 {[%clk 0:00:50]} Kc5
{[%clk 0:00:37]} 64. Be6 {[%clk 0:00:56]} Kd6 {[%clk 0:00:43]} 65. Bc4
{[%clk 0:01:16]} g4 {[%clk 0:00:39]} 66. Kf4 {[%clk 0:01:30]} Ke7
{[%clk 0:00:36]} 67. Kxg4 {[%clk 0:01:24]} Kf6 {[%clk 0:01:05]} 68. Kh5
{[%clk 0:01:01]} Kg7 {[%clk 0:01:32]} 69. Bd5 {[%clk 0:01:03]} Nb4
{[%clk 0:01:59]} 70. Be4 {[%clk 0:01:27]} Na6 {[%clk 0:02:16]} 71. Bb1
{[%clk 0:01:12]} Nb4 {[%clk 0:02:27]} 72. Kg4 {[%clk 0:01:29]} Kf6
{[%clk 0:02:46]} 73. Bh7 {[%clk 0:01:04]} Kg7 {[%clk 0:02:30]} 74. Be4
{[%clk 0:01:27]} Kf6 {[%clk 0:02:50]} 75. Kf4 {[%clk 0:01:47]} Na6
{[%clk 0:03:06]} 76. Bh7 {[%clk 0:01:45]} Kg7 {[%clk 0:03:05]} 77. Bb1
{[%clk 0:02:06]} Kf6 {[%clk 0:03:27]} 78. Bf5 {[%clk 0:01:49]} Nc5
{[%clk 0:03:03]} 79. b4 {[%clk 0:02:14]} Na6 {[%clk 0:03:29]} 80. b5
{[%clk 0:02:31]} Nc7 {[%clk 0:03:54]} 81. Bd3 {[%clk 0:02:43]} h5
{[%clk 0:03:56]} 82. Bc4 {[%clk 0:02:50]} Nxb5 {[%clk 0:04:21]} 83. Ke4 Ke5+
1/2-1/2

[Event "Wroclaw Open"]
[Site "?"]
[Date "2017.08.16"]
[Round "4.4"]
[White "Reza, Wojciech"]
[Black "Grabarczyk, Miroslaw"]
[Result "1/2-1/2"]
[BlackElo "2441"]
[WhiteElo "2241"]
[LiveChessVersion "1.4.6"]

1. e4 {[%clk 1:25:45]} e5 {[%clk 1:30:48]} 2. Nf3 {[%clk 1:26:09]} Nc6
{[%clk 1:30:56]} 3. d4 {[%clk 1:26:04]} exd4 {[%clk 1:31:12]} 4. Nxd4
{[%clk 1:26:26]} Bc5 {[%clk 1:30:15]} 5. Be3 {[%clk 1:20:07]} Qf6
{[%clk 1:30:14]} 6. c3 {[%clk 1:20:32]} Nge7 {[%clk 1:30:05]} 7. Bc4
{[%clk 1:21:00]} Ne5 {[%clk 1:26:27]} 8. Be2 {[%clk 1:20:57]} Qg6
{[%clk 1:26:07]} 9. O-O {[%clk 1:12:30]} d6 {[%clk 1:26:22]} 10. f4
{[%clk 0:53:52]} Ng4 {[%clk 1:05:05]} 11. Bxg4 {[%clk 0:48:38]} Bxg4
{[%clk 1:04:20]} 12. Qd3 {[%clk 0:42:17]} Bd7 1/2-1/2

[Event "Wroclaw Open"]
[Site "?"]
[Date "2017.08.16"]
[Round "4.5"]
[White "Sergeev, Vladimir"]
[Black "Czachor, Grzegorz"]
[Result "1-0"]
[BlackElo "2108"]
[WhiteElo "2417"]
[LiveChessVersion "1.4.6"]

1. e4 {[%clk 1:16:09]} e5 {[%clk 1:29:54]} 2. Nf3 {[%clk 1:16:24]} d6
{[%clk 1:30:16]} 3. Bc4 {[%clk 1:16:46]} Be7 {[%clk 1:29:18]} 4. O-O
{[%clk 1:17:01]} Nf6 {[%clk 1:29:37]} 5. d3 {[%clk 1:16:32]} O-O {[%clk 1:28:49]}
6. Re1 {[%clk 1:16:56]} Nbd7 {[%clk 1:26:02]} 7. Nbd2 {[%clk 1:16:10]} c6
{[%clk 1:24:39]} 8. a3 {[%clk 1:12:53]} Re8 {[%clk 1:23:46]} 9. Ba2
{[%clk 1:12:25]} Bf8 {[%clk 1:22:08]} 10. b4 {[%clk 1:12:27]} g6 {[%clk 1:20:54]}
11. Bb2 {[%clk 1:09:31]} Bg7 {[%clk 1:21:07]} 12. Nc4 {[%clk 1:05:30]} Nb6
{[%clk 1:19:45]} 13. Rb1 {[%clk 1:02:49]} h6 {[%clk 1:15:30]} 14. Na5
{[%clk 1:01:09]} Qe7 {[%clk 1:11:12]} 15. d4 {[%clk 0:48:48]} Nh5
{[%clk 1:10:46]} 16. dxe5 {[%clk 0:43:53]} dxe5 {[%clk 1:11:01]} 17. Qd3
{[%clk 0:43:26]} Bg4 {[%clk 1:05:18]} 18. Qe3 {[%clk 0:42:20]} Rad8
{[%clk 1:04:25]} 19. Rbd1 {[%clk 0:34:13]} Qc7 {[%clk 0:57:34]} 20. g3
{[%clk 0:30:50]} Nf4 {[%clk 0:45:36]} 21. Rxd8 {[%clk 0:30:20]} Rxd8
{[%clk 0:43:02]} 22. Nh4 {[%clk 0:20:48]} Nh3+ {[%clk 0:32:55]} 23. Kf1
{[%clk 0:19:55]} Rd6 {[%clk 0:31:18]} 24. f3 {[%clk 0:17:16]} Bc8
{[%clk 0:27:39]} 25. Bb3 {[%clk 0:14:39]} Qd8 {[%clk 0:23:42]} 26. Bc1
{[%clk 0:12:33]} Nf4 {[%clk 0:23:44]} 27. gxf4 {[%clk 0:10:09]} Qxh4
{[%clk 0:23:58]} 28. Qf2 {[%clk 0:10:36]} Qh3+ {[%clk 0:20:26]} 29. Ke2
{[%clk 0:08:35]} exf4 {[%clk 0:19:30]} 30. Rd1 {[%clk 0:06:41]} Rxd1
{[%clk 0:18:48]} 31. Kxd1 {[%clk 0:07:09]} g5 {[%clk 0:19:17]} 32. c4
{[%clk 0:07:09]} Nd7 {[%clk 0:18:00]} 33. Kd2 {[%clk 0:00:45]} Ne5
{[%clk 0:17:50]} 34. Bd1 {[%clk 0:01:08]} b6 {[%clk 0:18:06]} 35. Nb3
{[%clk 0:01:32]} Nxc4+ {[%clk 0:18:26]} 36. Kc2 {[%clk 0:02:01]} Be6
{[%clk 0:15:07]} 37. Nd4 {[%clk 0:02:11]} Ne3+ {[%clk 0:14:21]} 38. Bxe3
{[%clk 0:02:25]} fxe3 {[%clk 0:14:49]} 39. Qxe3 {[%clk 0:02:44]} Qxh2+
{[%clk 0:15:08]} 40. Ne2 {[%clk 0:02:18]} Bc4 {[%clk 0:14:51]} 41. Qd2
{[%clk 0:01:05]} Qe5 {[%clk 0:14:15]} 42. Qd8+ {[%clk 0:00:58]} Kh7
{[%clk 0:14:14]} 43. Kd2 {[%clk 0:01:27]} Qb2+ {[%clk 0:13:01]} 44. Bc2
{[%clk 0:01:56]} Bxe2 {[%clk 0:12:43]} 45. e5+ {[%clk 0:02:25]} Qxc2+
{[%clk 0:12:35]} 46. Kxc2 {[%clk 0:02:53]} Bxf3 {[%clk 0:12:31]} 47. Qd3+
{[%clk 0:03:21]} Kg8 {[%clk 0:12:38]} 48. Qxf3 {[%clk 0:03:47]} Bxe5
{[%clk 0:11:55]} 49. Qxc6 {[%clk 0:04:01]} Kg7 {[%clk 0:11:42]} 50. Kd3
{[%clk 0:03:33]} f5 {[%clk 0:10:01]} 51. Qe6 {[%clk 0:03:56]} 1-0

[Event "Wroclaw Open"]
[Site "?"]
[Date "2017.08.16"]
[Round "4.6"]
[White "Kanarkiewicz, Michal"]
[Black "Nowak, Kamil"]
[Result "1/2-1/2"]
[BlackElo "2318"]
[WhiteElo "2034"]
[LiveChessVersion "1.4.6"]

1. e4 {[%clk 1:24:42]} e5 {[%clk 1:30:52]} 2. Nf3 {[%clk 1:24:28]} Nc6
{[%clk 1:31:15]} 3. Bc4 {[%clk 1:18:26]} Nf6 {[%clk 1:31:26]} 4. d3
{[%clk 1:18:33]} Be7 {[%clk 1:31:23]} 5. O-O {[%clk 1:18:34]} O-O
{[%clk 1:31:27]} 6. c3 {[%clk 1:14:54]} d6 {[%clk 1:31:47]} 7. Nbd2
{[%clk 1:13:00]} Na5 {[%clk 1:30:58]} 8. Bb5 {[%clk 1:12:53]} a6 {[%clk 1:30:56]}
9. Ba4 {[%clk 1:13:16]} b5 {[%clk 1:30:32]} 10. Bc2 {[%clk 1:13:44]} c5
{[%clk 1:30:57]} 11. Re1 {[%clk 1:12:28]} Nc6 {[%clk 1:31:23]} 12. Nf1
{[%clk 1:09:04]} Re8 {[%clk 1:31:47]} 13. Bg5 {[%clk 1:05:35]} Nd7
{[%clk 1:32:05]} 14. Bxe7 {[%clk 1:05:40]} Nxe7 {[%clk 1:32:14]} 15. d4
{[%clk 1:05:29]} Qc7 {[%clk 1:32:05]} 16. a4 {[%clk 0:51:52]} Bb7
{[%clk 1:32:15]} 17. dxe5 {[%clk 0:49:30]} dxe5 {[%clk 1:32:06]} 18. axb5
{[%clk 0:48:18]} axb5 {[%clk 1:32:23]} 19. Qe2 {[%clk 0:48:45]} Bc6
{[%clk 1:24:15]} 20. Ne3 {[%clk 0:44:47]} c4 {[%clk 1:19:32]} 21. b3
{[%clk 0:37:19]} cxb3 {[%clk 1:19:48]} 22. Bxb3 {[%clk 0:37:46]} h6
{[%clk 1:14:46]} 23. Rxa8 {[%clk 0:16:51]} Rxa8 {[%clk 1:15:11]} 24. Nd5
{[%clk 0:17:18]} Bxd5 {[%clk 1:08:42]} 25. exd5 {[%clk 0:17:19]} Qxc3
{[%clk 1:05:19]} 26. Qxb5 {[%clk 0:17:30]} Ra1 {[%clk 1:04:59]} 27. Rxa1
{[%clk 0:16:24]} Qxa1+ {[%clk 1:05:27]} 28. Qf1 {[%clk 0:16:52]} Qxf1+
{[%clk 1:05:08]} 29. Kxf1 {[%clk 0:17:15]} Kf8 {[%clk 1:05:37]} 30. Ba4
{[%clk 0:11:41]} Nb6 {[%clk 1:02:24]} 31. d6 {[%clk 0:10:29]} Nf5
{[%clk 1:02:13]} 32. Bc2 {[%clk 0:09:57]} Nxd6 {[%clk 1:00:04]} 33. Nxe5
{[%clk 0:10:17]} 1/2-1/2

[Event "Wroclaw Open"]
[Site "?"]
[Date "2017.08.16"]
[Round "4.7"]
[White "Kowalczyk, Pawel"]
[Black "Sivakumar, Ashvin"]
[Result "0-1"]
[BlackElo "2221"]
[WhiteElo "2311"]
[LiveChessVersion "1.4.6"]

1. e4 {[%clk 1:30:30]} e5 {[%clk 1:30:39]} 2. d4 {[%clk 1:30:24]} exd4
{[%clk 1:30:23]} 3. c3 {[%clk 1:30:47]} d5 {[%clk 1:26:41]} 4. exd5
{[%clk 1:24:26]} Qxd5 {[%clk 1:27:00]} 5. cxd4 {[%clk 1:24:54]} Nc6
{[%clk 1:27:14]} 6. Nf3 {[%clk 1:25:16]} Bg4 {[%clk 1:26:49]} 7. Be2
{[%clk 1:25:06]} Bb4+ {[%clk 1:21:09]} 8. Nc3 {[%clk 1:25:33]} Bxf3
{[%clk 1:20:54]} 9. Bxf3 {[%clk 1:25:55]} Qc4 {[%clk 1:21:20]} 10. Bxc6+
{[%clk 1:26:05]} bxc6 {[%clk 1:18:49]} 11. Qe2+ {[%clk 1:26:32]} Qxe2+
{[%clk 1:19:09]} 12. Kxe2 {[%clk 1:27:00]} Nf6 {[%clk 1:18:10]} 13. Be3
{[%clk 1:23:11]} Nd5 {[%clk 1:15:56]} 14. Rhc1 {[%clk 1:21:46]} Kd7
{[%clk 1:14:13]} 15. Na4 {[%clk 1:11:12]} Rhe8 {[%clk 1:07:55]} 16. Kd3
{[%clk 0:53:59]} Rab8 {[%clk 1:07:21]} 17. Rc4 {[%clk 0:51:08]} Bd6
{[%clk 1:01:05]} 18. Bd2 {[%clk 0:47:51]} Nb6 {[%clk 0:52:49]} 19. Nc5+
{[%clk 0:41:12]} Bxc5 {[%clk 0:51:59]} 20. Rxc5 {[%clk 0:41:39]} Na4
{[%clk 0:52:20]} 21. Ra5 {[%clk 0:42:05]} Nxb2+ {[%clk 0:52:42]} 22. Kc3
{[%clk 0:42:27]} Re2 {[%clk 0:52:56]} 23. Be3 {[%clk 0:42:50]} Rb7
{[%clk 0:52:54]} 24. a4 {[%clk 0:42:47]} g6 {[%clk 0:51:07]} 25. g4
{[%clk 0:40:26]} Ke6 {[%clk 0:49:39]} 26. h4 {[%clk 0:36:03]} f6 {[%clk 0:41:55]}
27. h5 {[%clk 0:32:03]} g5 {[%clk 0:38:49]} 28. Rc5 {[%clk 0:32:09]} Kd6
{[%clk 0:38:20]} 29. Rf5 {[%clk 0:32:37]} Ke6 {[%clk 0:38:39]} 30. Ra5
{[%clk 0:31:48]} Kd6 {[%clk 0:38:04]} 31. Rc5 {[%clk 0:32:07]} Rb8
{[%clk 0:37:24]} 32. Rf5 {[%clk 0:28:27]} Ke6 {[%clk 0:37:28]} 33. d5+
{[%clk 0:26:08]} cxd5 {[%clk 0:36:06]} 34. Bxa7 {[%clk 0:26:10]} Ra8
{[%clk 0:35:23]} 35. Bd4 {[%clk 0:26:37]} c5 {[%clk 0:29:48]} 36. Bxf6
{[%clk 0:17:44]} d4+ {[%clk 0:30:09]} 37. Bxd4 {[%clk 0:18:10]} cxd4+
{[%clk 0:30:32]} 38. Kxd4 {[%clk 0:18:37]} Rxa4+ {[%clk 0:30:34]} 39. Rxa4
{[%clk 0:19:02]} Nxa4 {[%clk 0:30:58]} 40. Rxg5 {[%clk 0:18:33]} Rxf2
{[%clk 0:30:17]} 41. Rg7 {[%clk 0:18:59]} Rf4+ {[%clk 0:29:42]} 42. Ke3
{[%clk 0:19:18]} Rf7 {[%clk 0:30:02]} 43. Rg8 {[%clk 0:19:42]} Nb6
{[%clk 0:25:28]} 44. g5 {[%clk 0:18:49]} Nd5+ {[%clk 0:24:05]} 45. Kd2
{[%clk 0:18:45]} Ne7 {[%clk 0:23:26]} 46. Re8 {[%clk 0:16:46]} Kf5
{[%clk 0:23:07]} 47. g6 {[%clk 0:17:05]} Nxg6 {[%clk 0:23:27]} 48. hxg6
{[%clk 0:17:31]} hxg6 {[%clk 0:23:51]} 49. Ke1 {[%clk 0:14:47]} Kg4
{[%clk 0:23:32]} 50. Ra8 {[%clk 0:14:25]} g5 {[%clk 0:23:27]} 51. Ke2
{[%clk 0:12:52]} Kg3 {[%clk 0:23:09]} 52. Re8 {[%clk 0:12:34]} g4
{[%clk 0:22:24]} 53. Ke1 {[%clk 0:10:40]} Kg2 {[%clk 0:22:13]} 54. Re2+
{[%clk 0:09:58]} Kg1 {[%clk 0:22:32]} 55. Re3 {[%clk 0:09:51]} Rf3
{[%clk 0:22:30]} 56. Re8 {[%clk 0:09:16]} g3 {[%clk 0:22:50]} 57. Ke2
{[%clk 0:09:34]} Rf2+ {[%clk 0:20:57]} 58. Ke1 {[%clk 0:09:55]} g2
{[%clk 0:21:18]} 59. Re7 {[%clk 0:05:57]} Rf5 {[%clk 0:21:28]} 60. Ke2
{[%clk 0:06:00]} Rh5 {[%clk 0:19:28]} 0-1

[Event "Wroclaw Open"]
[Site "?"]
[Date "2017.08.16"]
[Round "4.8"]
[White "Kanicki, Krzysztof"]
[Black "Jagodzinski, Piotr"]
[Result "0-1"]
[BlackElo "2177"]
[WhiteElo "2098"]
[LiveChessVersion "1.4.6"]

1. e4 {[%clk 1:30:58]} c6 {[%clk 1:29:38]} 2. d4 {[%clk 1:31:16]} d5
{[%clk 1:30:06]} 3. e5 {[%clk 1:31:34]} Bf5 {[%clk 1:30:33]} 4. Nf3
{[%clk 1:31:42]} e6 {[%clk 1:31:01]} 5. Be2 {[%clk 1:32:00]} Nd7 {[%clk 1:31:04]}
6. O-O {[%clk 1:32:17]} a6 {[%clk 1:30:33]} 7. Nbd2 {[%clk 1:30:14]} Ne7
{[%clk 1:30:09]} 8. Nb3 {[%clk 1:29:26]} Qc7 {[%clk 1:29:38]} 9. Bd2
{[%clk 1:15:28]} c5 {[%clk 1:19:17]} 10. dxc5 {[%clk 0:57:22]} Nxc5
{[%clk 1:19:13]} 11. Nfd4 {[%clk 0:48:07]} Bg6 {[%clk 1:06:26]} 12. Nxc5
{[%clk 0:30:30]} Qxc5 {[%clk 1:06:48]} 13. Be3 {[%clk 0:30:50]} Qc7
{[%clk 1:05:51]} 14. f4 {[%clk 0:30:54]} Nf5 {[%clk 0:58:15]} 15. Nxf5
{[%clk 0:31:02]} Bxf5 {[%clk 0:58:43]} 16. c3 {[%clk 0:30:16]} Bc5
{[%clk 0:52:30]} 17. Qd2 {[%clk 0:30:00]} O-O {[%clk 0:50:14]} 18. Rad1
{[%clk 0:29:55]} Rfc8 {[%clk 0:48:52]} 19. Bxc5 {[%clk 0:28:28]} Qxc5+
{[%clk 0:49:20]} 20. Qd4 {[%clk 0:28:45]} Qe7 {[%clk 0:39:21]} 21. h3
{[%clk 0:21:53]} Rc6 {[%clk 0:34:22]} 22. Kh2 {[%clk 0:20:25]} Rac8
{[%clk 0:33:18]} 23. g4 {[%clk 0:13:39]} Be4 {[%clk 0:33:42]} 24. Rf2
{[%clk 0:13:42]} b5 {[%clk 0:25:28]} 25. a3 {[%clk 0:13:26]} Rb8 {[%clk 0:23:54]}
26. Rg1 {[%clk 0:11:56]} a5 {[%clk 0:19:55]} 27. f5 {[%clk 0:10:22]} b4
{[%clk 0:19:04]} 28. axb4 {[%clk 0:10:10]} axb4 {[%clk 0:19:29]} 29. f6
{[%clk 0:05:39]} gxf6 {[%clk 0:15:32]} 30. Rxf6 {[%clk 0:05:57]} bxc3
{[%clk 0:15:33]} 31. bxc3 {[%clk 0:06:09]} Rb2 {[%clk 0:13:02]} 32. Rf2
{[%clk 0:03:44]} Qg5 {[%clk 0:13:07]} 33. Rg3 {[%clk 0:02:49]} Qc1
{[%clk 0:10:39]} 34. Bf3 {[%clk 0:02:22]} Qxc3 {[%clk 0:06:44]} 35. Qa7
{[%clk 0:01:57]} Rxf2+ {[%clk 0:06:34]} 36. Qxf2 {[%clk 0:02:23]} Qxe5
{[%clk 0:07:00]} 37. Bxe4 {[%clk 0:02:08]} Qxe4 {[%clk 0:06:26]} 38. Re3
{[%clk 0:01:00]} Rc2 {[%clk 0:05:48]} 39. Rxe4 {[%clk 0:01:13]} Rxf2+
{[%clk 0:06:12]} 40. Kg3 {[%clk 0:01:38]} dxe4 {[%clk 0:06:21]} 41. Kxf2
{[%clk 0:02:04]} f5 {[%clk 0:06:46]} 0-1

[Event "Wroclaw Open"]
[Site "?"]
[Date "2017.08.16"]
[Round "4.9"]
[White "Zombirt, Filip"]
[Black "Dowgird, Filip"]
[Result "0-1"]
[BlackElo "2271"]
[WhiteElo "1958"]
[LiveChessVersion "1.4.6"]

1. d4 {[%clk 1:30:57]} Nf6 {[%clk 1:19:55]} 2. c4 {[%clk 1:30:53]} d6
{[%clk 1:20:20]} 3. Nc3 {[%clk 1:30:23]} Nbd7 {[%clk 1:19:17]} 4. Nf3
{[%clk 1:30:40]} e5 {[%clk 1:19:40]} 5. e4 {[%clk 1:30:39]} Be7 {[%clk 1:20:03]}
6. g3 {[%clk 1:30:54]} O-O {[%clk 1:20:22]} 7. Bg2 {[%clk 1:31:21]} c6
{[%clk 1:20:01]} 8. O-O {[%clk 1:31:25]} a6 {[%clk 1:19:32]} 9. a4
{[%clk 1:27:06]} a5 {[%clk 1:19:19]} 10. Qc2 {[%clk 1:26:34]} Re8
{[%clk 1:18:50]} 11. b3 {[%clk 1:24:37]} Bf8 {[%clk 1:14:39]} 12. Rd1
{[%clk 1:24:14]} Qb6 {[%clk 1:11:22]} 13. Ba3 {[%clk 1:21:52]} exd4
{[%clk 1:08:59]} 14. Nxd4 {[%clk 1:20:31]} Nc5 {[%clk 1:09:21]} 15. h3
{[%clk 1:15:51]} g6 {[%clk 0:55:39]} 16. Rab1 {[%clk 1:09:45]} Nfd7
{[%clk 0:48:40]} 17. Nf3 {[%clk 0:55:55]} Nb8 {[%clk 0:45:50]} 18. b4
{[%clk 0:24:40]} axb4 {[%clk 0:46:01]} 19. Bxb4 {[%clk 0:25:07]} Nba6
{[%clk 0:42:41]} 20. Ba3 {[%clk 0:24:58]} Qc7 {[%clk 0:42:21]} 21. Nd4
{[%clk 0:22:37]} Be6 {[%clk 0:37:59]} 22. Nxe6 {[%clk 0:21:53]} Rxe6
{[%clk 0:37:16]} 23. Bc1 {[%clk 0:19:52]} Bg7 {[%clk 0:36:22]} 24. Bf4
{[%clk 0:12:18]} Be5 {[%clk 0:35:42]} 25. Ne2 {[%clk 0:10:23]} Ree8
{[%clk 0:33:16]} 26. Bd2 {[%clk 0:09:34]} Nb8 {[%clk 0:31:01]} 27. a5
{[%clk 0:09:08]} Nbd7 {[%clk 0:31:25]} 28. Nf4 {[%clk 0:09:14]} Bg7
{[%clk 0:28:28]} 29. Bb4 {[%clk 0:07:54]} Bf8 {[%clk 0:23:46]} 30. h4
{[%clk 0:04:36]} h5 {[%clk 0:22:12]} 31. Nh3 {[%clk 0:03:32]} Ne5
{[%clk 0:20:13]} 32. Ng5 {[%clk 0:03:53]} Ng4 {[%clk 0:17:56]} 33. Re1
{[%clk 0:01:54]} Bg7 {[%clk 0:17:57]} 34. Rbd1 {[%clk 0:02:06]} Rad8
{[%clk 0:15:45]} 35. Bc3 {[%clk 0:00:52]} Bxc3 {[%clk 0:14:44]} 36. Qxc3
{[%clk 0:01:21]} f6 {[%clk 0:12:01]} 37. Nh3 {[%clk 0:01:38]} Ra8
{[%clk 0:10:32]} 38. Ra1 {[%clk 0:01:58]} Kg7 {[%clk 0:09:29]} 39. Nf4
{[%clk 0:02:20]} Qe7 {[%clk 0:09:01]} 40. Qc2 {[%clk 0:01:53]} Ne5
{[%clk 0:09:15]} 41. Red1 {[%clk 0:01:59]} Red8 {[%clk 0:08:01]} 42. Qc3
{[%clk 0:01:18]} Qf7 {[%clk 0:08:04]} 43. Rac1 {[%clk 0:01:16]} Ra7
{[%clk 0:06:20]} 44. f3 {[%clk 0:00:57]} Rda8 {[%clk 0:03:46]} 45. Rxd6
{[%clk 0:00:47]} Rxa5 {[%clk 0:04:12]} 46. Rcd1 {[%clk 0:00:45]} Qxc4
{[%clk 0:03:34]} 47. Qxc4 {[%clk 0:00:41]} Nxc4 {[%clk 0:04:02]} 48. Rd8
{[%clk 0:00:50]} Rxd8 {[%clk 0:03:58]} 49. Rxd8 {[%clk 0:01:12]} Ra1+
{[%clk 0:04:17]} 50. Kh2 {[%clk 0:01:04]} Ne5 {[%clk 0:04:14]} 51. Rc8
{[%clk 0:00:47]} Ra3 {[%clk 0:03:49]} 52. Rc7+ {[%clk 0:00:59]} Kh6
{[%clk 0:03:30]} 53. Re7 {[%clk 0:00:44]} Nxf3+ {[%clk 0:01:53]} 54. Bxf3
{[%clk 0:01:01]} Rxf3 {[%clk 0:02:21]} 55. Ne6 {[%clk 0:01:10]} Nxe6
{[%clk 0:01:54]} 56. Rxe6 {[%clk 0:01:38]} f5 {[%clk 0:01:24]} 57. e5
{[%clk 0:01:38]} f4 {[%clk 0:01:42]} 58. gxf4 {[%clk 0:01:51]} Rxf4
{[%clk 0:02:09]} 59. Kg3 {[%clk 0:02:05]} Rg4+ {[%clk 0:02:14]} 60. Kh3
{[%clk 0:02:21]} Re4 {[%clk 0:01:58]} 61. Kg3 {[%clk 0:02:26]} c5
{[%clk 0:01:45]} 62. Re7 {[%clk 0:01:38]} b5 {[%clk 0:01:30]} 63. e6
{[%clk 0:01:04]} b4 {[%clk 0:01:17]} 64. Kf3 {[%clk 0:01:01]} Re1
{[%clk 0:01:23]} 65. Rc7 {[%clk 0:00:49]} Rxe6 {[%clk 0:01:00]} 66. Rxc5
{[%clk 0:01:17]} Rb6 {[%clk 0:01:24]} 67. Rc2 {[%clk 0:01:34]} b3
{[%clk 0:01:51]} 68. Rb2 {[%clk 0:02:03]} Rb4 {[%clk 0:02:14]} 69. Kg3
{[%clk 0:02:10]} Kg7 {[%clk 0:02:39]} 0-1

[Event "Wroclaw Open"]
[Site "?"]
[Date "2017.08.16"]
[Round "4.10"]
[White "Gierulski, Kamil"]
[Black "Madera, Mateusz"]
[Result "1-0"]
[BlackElo "1962"]
[WhiteElo "2210"]
[LiveChessVersion "1.4.6"]

1. d4 {[%clk 1:30:57]} Nf6 {[%clk 1:30:09]} 2. Bf4 {[%clk 1:31:20]} d5
{[%clk 1:30:35]} 3. e3 {[%clk 1:31:46]} Bf5 {[%clk 1:30:58]} 4. c4
{[%clk 1:32:08]} e6 {[%clk 1:27:23]} 5. Qb3 {[%clk 1:29:33]} Qc8 {[%clk 1:26:38]}
6. Nc3 {[%clk 1:29:51]} c6 {[%clk 1:26:49]} 7. h3 {[%clk 1:29:20]} Be7
{[%clk 1:21:25]} 8. Nf3 {[%clk 1:29:34]} h6 {[%clk 1:21:50]} 9. Rc1
{[%clk 1:29:42]} Nbd7 {[%clk 1:20:38]} 10. Be2 {[%clk 1:29:08]} O-O
{[%clk 1:20:22]} 11. O-O {[%clk 1:29:26]} dxc4 {[%clk 0:41:15]} 12. Bxc4
{[%clk 1:29:03]} Nb6 {[%clk 0:39:30]} 13. Be2 {[%clk 1:28:23]} Qd8
{[%clk 0:35:20]} 14. Ne5 {[%clk 1:21:46]} Bd6 {[%clk 0:22:38]} 15. a4
{[%clk 1:17:44]} Rb8 {[%clk 0:16:42]} 16. Bh2 {[%clk 1:14:51]} Nbd5
{[%clk 0:16:10]} 17. Rfd1 {[%clk 1:13:27]} Qb6 {[%clk 0:13:34]} 18. Qa2
{[%clk 1:10:38]} Nb4 {[%clk 0:12:16]} 19. Qc4 {[%clk 1:10:48]} Rfd8
{[%clk 0:10:43]} 20. Bf3 {[%clk 1:09:30]} Nbd5 {[%clk 0:09:50]} 21. Qe2
{[%clk 1:08:34]} Bh7 {[%clk 0:08:13]} 22. Bg3 {[%clk 1:06:24]} Bxe5
{[%clk 0:07:01]} 23. Bxe5 {[%clk 1:06:22]} Rbc8 {[%clk 0:07:25]} 24. e4
{[%clk 1:05:43]} Nxc3 {[%clk 0:07:53]} 25. bxc3 {[%clk 1:06:07]} Nd7
{[%clk 0:08:02]} 26. Bd6 {[%clk 0:58:29]} Qa5 {[%clk 0:07:17]} 27. Rb1
{[%clk 0:54:40]} b6 {[%clk 0:06:15]} 28. Qc4 {[%clk 0:51:09]} Nf8
{[%clk 0:05:35]} 29. Bb4 {[%clk 0:49:08]} Qg5 {[%clk 0:05:56]} 30. Qa6
{[%clk 0:49:31]} Ng6 {[%clk 0:05:40]} 31. g3 {[%clk 0:47:08]} Nh4
{[%clk 0:04:51]} 32. Bh1 {[%clk 0:47:31]} f5 {[%clk 0:05:02]} 33. Qe2
{[%clk 0:36:48]} f4 {[%clk 0:03:22]} 34. Kh2 {[%clk 0:37:09]} Ng6
{[%clk 0:03:36]} 35. Qc4 {[%clk 0:34:31]} Qf6 {[%clk 0:02:35]} 36. Bg2
{[%clk 0:32:28]} h5 {[%clk 0:01:49]} 37. h4 {[%clk 0:30:50]} f3 {[%clk 0:01:16]}
38. Bh3 {[%clk 0:30:56]} Re8 {[%clk 0:01:04]} 39. Bd6 {[%clk 0:29:38]} Kh8
{[%clk 0:00:58]} 40. Rd3 {[%clk 0:28:52]} Nxh4 {[%clk 0:01:06]} 41. Be5
{[%clk 0:28:51]} Qe7 {[%clk 0:01:27]} 42. gxh4 {[%clk 0:29:13]} Bxe4
{[%clk 0:01:48]} 43. Rg1 {[%clk 0:29:11]} Bxd3 {[%clk 0:02:16]} 44. Qxd3
{[%clk 0:29:34]} Rcd8 {[%clk 0:00:35]} 45. Qg6 {[%clk 0:29:15]} 1-0